HARD-TO-SURVEY populations
Saved in:
| Format: | Book |
|---|---|
| Language: | English |
| Published: |
Cambridge University press,
|
| Tags: |
Add Tag
No Tags, Be the first to tag this record!
|
MARC
| LEADER | 00000nam a22000007a 4500 | ||
|---|---|---|---|
| 008 | 210818b ||||| |||| 00| 0 eng d | ||
| 020 | |a ISBN: 978-1-107-62871-7 | ||
| 245 | |a HARD-TO-SURVEY populations |g . xxv, 648p.; ill. | ||
| 250 | |c Roger Tourangeau…[et.al.].- | ||
| 260 | |b Cambridge University press, |h New York: |i 696441 – Soc. Sci. |i 696442 |l HB849.49 .H22 |m 1. Demographic surveys |m 2. Social surveys |m I. Tourangeau, Roger. | ||
| 500 | |a “It includes index and references” | ||
| 942 | |a lcc |c BK |e j. o. ifatola |f 18/ 08/ 2021 | ||
| 952 | |0 0 |1 0 |2 lcc |4 0 |6 HB084949 H22 |7 0 |9 3083 |a SSL |b HOL |c GJ |d 2021-08-18 |l 0 |o HB849.49 .H22 |p 2021-66781 |r 2021-08-18 00:00:00 |w 2021-08-18 |y BK | ||
| 952 | |0 0 |1 0 |2 lcc |4 0 |6 HB084949 H22 |7 0 |9 3084 |a SSL |b HOL |c GJ |d 2021-08-18 |l 0 |o HB849.49 .H22 |p 2021-66782 |r 2021-08-18 00:00:00 |w 2021-08-18 |y BK | ||
| 999 | |c 1564 |d 1564 | ||